000 00792nam a2200265Ia 4500
003 OSt
005 20220924123744.0
006 a|||||r|||| 00| 0
007 ta
008 220923b |||||||| |||| 00| 0 urd d
020 _a97893809190304 (hbk)
020 _c300
024 _a284765
037 _b4315, 19/11/2014, Kitabi Duniya
_cTextual
040 _aARTS
_cARTS
_burd
041 _2urd
_aurd
082 _aO168,1M94:g, Q1
100 _aKhan Masroor Ahmad
_9193722
245 0 _aJosh Maleeh Aabadi ki nasri khidmaat
260 _aNew Delhi
_b Kitabi Duniya India
_c2011
300 _a240p.
_ccm.
650 _aURDU LITERATURE
942 _hO168,1M94:g, Q1
_cTEXL
_2CC
999 _c416977
_d416977